000 00499cam a2200193ua 4500
001 2358
008 110805n ii |||gr||||Z||||||eng
020 _a81-7457-009-8
040 _cMAIN
082 _a370.92
100 1 _aChaube, S. P.,
_eAuthor.
245 1 _aGreat indian educational philosophers
_cby S. P. Chaube
250 _a1st.
260 _aAgra:
_bVinod pustak mandir.
300 _a266p:
_c23cm.
653 _aEducation
653 _aGreat indian educational philosophers
942 _cBK
999 _c2216
_d2216